O dia em que quase perdemos o 5 (Registo nº 3987)

Detalhes MARC
000 -Etiqueta do registo
Cabeçalho 00852nam a2200301 4500
005 - Identificador da versão
Campo de controlo 20240813122050.0
010 ## - Número internacional normalizado dos livros (ISBN)
Número (ISBN) 9722414496
021 ## - Número do Depósito Legal
Código do país PT
Número 237460/06
100 ## - Dados gerais de processamento
Dados gerais de processamento 20070830d2006 c y0pory5003 ba
102 ## - Pais de publicação ou produção
País de publicação Portugal
101 0# - Língua de publicação
Língua do texto, banda sonora, etc. Português
106 ## - Campo de dados codificados: material textual
Dados codificados do material textual r
105 ## - Campo de dados codificados: livros
Dados codificados dos livros a z 000fy
215 ## - Descrição física 
Indicação específica da natureza do documento e extensão da espécie [25] p.
Outras indicações físicas il.
Dimensões 29 cm
200 1# - Titulo e menção de responsabilidade
Título próprio O dia em que quase perdemos o 5
Primeira menção de responsabilidade Ana Cristina Luz
Outras menções de responsabilidade il. Catarina França
205 ## - Menção da edição
Menção da edição [1ª ed.]
210 ## - Publicação, Distribuição, etc. 
Lugar da edição, distribuição, etc. Lisboa
Nome do editor, distribuidor, etc. Livros Horizonte
Data da publicação, distribuição, etc. 2006
532 11 - Título desenvolvido
Expanded Title O dia em que quase perdemos o cinco
675 ## - Classificação Decimal Universal (CDU)
Notação 087.5
Edição BN
Língua da edição por
Notação 821.134.3-93"20"
Edição BN
Língua da edição por
Notação 821.134.3-34"20"
Edição BN
Língua da edição por
702 #1 - Nome de autor-pessoa física (responsabilidade secundária)
Número de registo de entrada de autoridade 0000444
Palavra de ordem França
Outra parte do nome não tomada para palavra de ordem Catarina
Código de função Ilustrador / Técnico de desenho computorizado
700 #1 - Nome de autor-pessoa física (responsabilidade principal)
Número de registo de entrada de autoridade 0000459
Palavra de ordem Luz
Outra parte do nome não tomada para palavra de ordem Ana Cristina
Datas 1960-
942 ## - Elementos de entrada adicionados (Koha)
Tipo de item no Koha Livro
Exemplares
Situação do levantamento Origin of item (home branch) (coded) Biblioteca de empréstimo Código de barras Cota Circulation type (not for loan) Tipo de documento Nota do exemplar Damaged status
  Biblioteca Escolar das Vendas Biblioteca Escolar das Vendas BEV1539 8POR LUZ   Livro Sem mensagem